Residua... / (Record no. 31827)

MARC details
000 -LEADER
campo de control de longitud fija 00553nam a2200181 i 4500
001 - NÚMERO DE CONTROL
campo de control 31827
003 - IDENTIFICADOR DE NÚMERO DE CONTROL
campo de control ES-MaACL
005 - FECHA Y HORA DE LA ÚLTIMA TRANSACCIÓN
campo de control 20250526063006.0
007 - CAMPO FIJO DE DESCRIPCIÓN FÍSICA--INFORMACIÓN GENERAL
campo de control de longitud fija t|
008 - DATOS DE LONGITUD FIJA--INFORMACIÓN GENERAL
campo de control de longitud fija 030130s1969 sp ||||1| spa d
100 1# - ENTRADA PRINCIPAL--NOMBRE DE PERSONA
Nombre de persona Beckett, Samuel,
Fechas asociadas al nombre 1906-1989
9 (RLIN) 240713
245 10 - MENCIÓN DEL TÍTULO
Título Residua... /
Mención de responsabilidad, etc. Samuel Beckett ; [prólogo y traducción de Félix de Azúa].
260 ## - PUBLICACIÓN, DISTRIBUCIÓN, ETC.
Lugar de publicación, distribución, etc. [Barcelona] :
Nombre del editor, distribuidor, etc. Tusquets,
Fecha de publicación, distribución, etc. [1969]
300 ## - DESCRIPCIÓN FÍSICA
Extensión 77 p. ;
Dimensiones 18 cm.
700 1# - ENTRADA AGREGADA--NOMBRE PERSONAL
Nombre de persona Azúa, Félix de,
Fechas asociadas al nombre 1944-
9 (RLIN) 24368
852 ## - LOCALIZACIÓN
Ubicación ES-MaACL
Número de control de estantería C-53351
Sublocalización o colección R.70864
Holdings
Estatus retirado Estado de pérdida Estado de daño No para préstamo Biblioteca de origen Biblioteca actual Ubicación en estantería Fecha de adquisición Fuente de adquisición Total de préstamos Signatura topográfica completa Código de barras Visto por última vez Precio de reemplazo Tipo de ítem Koha
        Biblioteca del Ateneo de Madrid Biblioteca del Ateneo de Madrid Depósito 2 17/01/2008     C-53351 1032908 23/02/2023 23/02/2023 Libro impreso